Normal view
MARC view
- Sup: Dr. Sajid Ullah Butt
Entry Personal Name
001 - CONTROL NUMBER
- control field: 34844
003 - CONTROL NUMBER IDENTIFIER
- control field: NUST
005 - DATE AND TIME OF LATEST TRANSACTION
- control field: 20201103141327.0
008 - FIXED-LENGTH DATA ELEMENTS
- fixed length control field: 201103|| aca||aabn | a|a d
040 ## - CATALOGING SOURCE
- Original cataloging agency: NUST
- Transcribing agency: NUST
100 ## - HEADING--PERSONAL NAME
- Personal name: Sup: Dr. Sajid Ullah Butt
670 ## - SOURCE DATA FOUND
- Source citation: Work cat.: (NUST): Sohail, Muhammad 34843, Application of lagrangian formulation to predict the positioning error of parallel manipulator under external loads /, 2016.
